Unionization and strategic trade policy

Saved in:
Bibliographic Details
Main Author: Swagel, Phillip
Other Authors: Tan, Ling Hui
Format: Book
Language:English
Published: Washington International Monetary Fund 2000
Series:IMF Working Paper WP/00/53
Subjects:
Tags: Add Tag
No Tags, Be the first to tag this record!

MARC

LEADER 00000nam a2200000 4500
001 c124199
005 20221221083849.0
041 0 |a eng 
044 |a US 
245 1 0 |a Unionization and strategic trade policy  |c Phillip Swagel and Ling Hui Tan 
264 1 |a Washington  |b International Monetary Fund  |c 2000 
300 |a 17 s. 
490 1 |a IMF Working Paper  |v WP/00/53 
830 0 |a IMF Working Paper  |v WP/00/53 
610 2 0 |a politika obchodná 
610 2 0 |a stratégia obchodná 
610 2 0 |a únie hospodárske 
610 2 0 |a zmluvy pracovné 
610 2 0 |a vyjednávanie 
100 1 |a Swagel, Phillip 
700 1 |a Tan, Ling Hui